SpongeBob SquarePants Character ASCII Art Quiz Stats

 Plays Quiz not verified by Sporcle

Score 0/5 Timer 00:30
0 Plays Today
ASCII Art Character % Correct
????
100%
????
96.3%
????
85.8%
????
73.1%
????
63%

You're not logged in!

Compare scores with friends on all Sporcle quizzes.
OR
Log In

Show Comments

Extras

Top Quizzes Today


Score Distribution

Your Account Isn't Verified!

In order to create a playlist on Sporcle, you need to verify the email address you used during registration. Go to your Sporcle Settings to finish the process.

Report this User

Report this user for behavior that violates our Community Guidelines.

Details: